000 00349nam a2200157Ia 4500
003 0STCL
008 150530s9999 xx 000 0 und d
040 _aSTCL
_cSTCL
100 _aTagore R.; Ed
245 _aSadhana the realisation of life
260 _c1954
546 _aEnglish
942 _2ddc
_cBK
999 _c3491
_d3491
005 20220125165334.0